| 000 | 00690nam a2200205 u 4500 | ||
|---|---|---|---|
| 005 | 20210223131327.0 | ||
| 008 | 100624s1995 ag r 000 0 spa d | ||
| 020 | _a9507244808 | ||
| 035 | _aUPN01000176981 | ||
| 049 | _aCG | ||
| 050 | 4 |
_aHV40 _bA4.3 |
|
| 100 | 1 |
_aAguilar Idáñez, María José _928676 |
|
| 245 | 1 | 0 |
_aDiagnóstico social : _bconceptos y metodología / _cMaría José Aguilar Idáñez, Ezequiel Ander-Egg. |
| 260 |
_aBuenos Aires : _bLumen, _c1995. |
||
| 300 |
_a78 p. : _bil., cuadros |
||
| 440 | 0 | _aPolítica, servicios y trabajo social | |
| 650 | 4 |
_aSERVICIO SOCIAL - _xINVESTIGACION _917418 |
|
| 700 | 1 |
_aAnder-Egg, Ezequiel, _d1930- _ecoaut. _928724 |
|
| 905 | _aLibro | ||
| 999 |
_c149084 _d149084 |
||